00672nam a2200217Ia 4500003000900000008004100009020001800050040001600068080001900084100001600103245008600119250001200205260003900217300001400256490005000270650004100320650002300361650002400384650002400408650002200432IN-BaIIA211028s9999 xx 000 0 eng d a0-7167-0359-9 cIIA Library a524.3-852bMIH aMihalas, D. 0aStellar atmospherescD. Mihalas  a2nd ed. aSan FranciscobW. H. Freemanc1978 axx, 632p. aSeries of books in astronomy and astrophysics aAstronomy and astrophysics thesaurus aRadiative transfer aStars - atmospheres aStellar atmospheres aStellar structure